000 00687nam a2200265Ia 4500
005 20260302115928.0
008 008 260114s9999 xx 000 0 eng d
020 _a9781509929993
037 _aTextbook
040 _aCRL
040 _beng
040 _cCRL
041 _2eng
041 _aeng
084 _qCRL
100 _aPablo Marcello Baquero
_91123099
245 0 _aNetworks of Collaborative Contracts for Innovation
260 _bBloomsbury
260 _bHart Publishing
260 _c2020
650 _aLaw
856 _uhttps://dx.doi.org/10.5040/9781509929993?locatt=label:secondary_bloomsburyCollections
942 _cEBOOK
999 _c1687958
_d1687958